000 00291nam a22001337a 4500
003 SGT
082 _a618.92
_bC12G
100 _aGOODMAN, ROBERT
245 _aCHILD AND ADOLESCENT PSYCHIATRY
260 _aUK
_bWILEY
_c2012
300 _a387
650 _aPSYCHIATRY
942 _2ddc
_cBK
_02
999 _c14533
_d14533